01015nam a2200277 i 4500003000900000005001700009007000300026008004100029040003000070082001300100110004900113240001700162245010200179246006500281264005700346300002500403336002700428337003300455338002800488500002300516590002700539910001400566942001300580952012700593999001700720DO-SdBNP20230925141253.0ta140217s1991 dr 000 0 spa d aDO-SdBNPbspacBNPHUerda bR4262222 aColegio Dominicano de Periodistas (CDP)944710a[leyes,etc.]10aLey 10-91 :bpromulgada el 7 de mayo de 1991, que crea el Colegio Dominicano de Periodistas CDP /1 aColegio Dominicano de Periodistas CDP :bcongreso Nacional / 1a[Santo Domingo] :b[editor no identificado], c1991. a13 páginasc21 cm. 2rdacontentatextobtxt 2rdamediaasin mediaciónbn 2rdacarrieravolumenbnc aComité ejecutivo aInventariado, 2023/ YL aYLockward 2ddccLF2 00102ddc51708DS-FaBNPHUbBNPHUcCTd2022-05-19eUbi Rivasl0oBNPHU F-PD R426p2023-6366r2023-09-25w2023-09-25yLF2 c54918d54918